000 00750nam a2200229Ia 4500
003 GCL
008 140319s9999 xx 000 0 ara d
040 _aGCL /
_cGCL
082 0 4 _a621.184
_bس ا
100 1 _aسعيد عبدالغفار
245 1 0 _aالافران الصناعية /
_cسعيد عبدالغفار
260 _a[S.N] :
_bدار المعارف
490 _aالمعارف التكنولوجية
_v0
650 0 4 _aالهندسة
650 0 4 _aالفيزياء التطبيقية
650 0 4 _aالهندسة الحرارية
650 0 4 _aالهندسة الميكانيكية
650 0 4 _aالافران
650 0 4 _aالهندسة البخارية
650 0 4 _aالافران التعدينية
942 _2ddc
_cBK
999 _c58952
_d58952